000 00743nam a2200193Ia 4500
003 GCL
008 140319s9999 xx 000 0 ara d
040 _aGCL /
_cGCL
082 0 4 _a239
_bم م
100 1 _aمجمع البحوث الاسلامية
245 1 0 _aكتاب المؤتمر العالمى الرابع للسيرة والسنه النبوية والمؤتمر العاشر لمجمع البحوث الاسلامية : السنه النبوية /
_cمجمع البحوث الاسلامية
260 _aالقاهرة :
_bمجمع البحوث الاسلامية ،
_c1985
300 _a715 ص
490 _a
650 0 4 _aالسيرة النبوية
650 0 4 _aالحديث
650 0 4 _aالعلوم
942 _2ddc
_cBK
999 _c36081
_d36081